Bright Sparks; (Record no. 205492)

MARC details
000 -LEADER
fixed length control field 00559 a2200193 4500
005 - DATE AND TIME OF LATEST TRANSACTION
control field 20240903125630.0
010 ## - LCCN (DPL NO)
LC control number B-760156 Ch-En
020 ## - INTERNATIONAL STANDARD BOOK NUMBER
International Standard Book Number 9789351952619
Terms of availability 250.00
035 ## - SYSTEM CONTROL NUMBER
System control number B-760156
037 ## - SOURCE OF ACQUISITION
Source of stock number/acquisition Gift
082 ## - DEWEY DECIMAL CLASSIFICATION NUMBER
Classification number 488
100 ## - MAIN ENTRY--PERSONAL NAME
Personal name Blyton, Enid
245 ## - TITLE STATEMENT
Title Bright Sparks;
Remainder of title Adventures in Reading Comprehension/
Statement of responsibility, etc Enid Blyton
260 ## - PUBLICATION, DISTRIBUTION, ETC. (IMPRINT)
Place of publication, distribution, etc New Delhi
Name of publisher, distributor, etc Hachette India
Date of publication, distribution, etc 2023
270 ## - ADDRESS
Address New Delhi
300 ## - PHYSICAL DESCRIPTION
Extent 154 p.
Dimensions 20 cm(Pb)
942 ## - ADDED ENTRY ELEMENTS (KOHA)
Institution code [OBSOLETE] dpl
Item type Children Books
Source of classification or shelving scheme Dewey Decimal Classification
Classification part 488
Call number suffix BLY
Holdings
Withdrawn status Lost status Not for loan Collection code Home library Current library Date acquired Source of acquisition Cost, normal purchase price Full call number Barcode Copy number Cost, replacement price Koha item type Public note
      Non-fiction Kadipur Kadipur 03/09/2024 Gift/6.8.24 250.00 488 BLY B-760156 1 250.00 Children Books Gift

© Delhi Public Library
Hit Counter
free hit counter